000 00770nam a2200205Ii 4500
003 JO-AjNU
008 230605s9999||||xx |||||||||||||| ||und||
017 _a2009/2/611
040 _aJO-AjNU
_bara
_erda
_cJO-AjNU
041 _aara
050 1 4 _aPJ7860.A544.Z75 2009
100 3 _aتأليف رشدان، محمد سليم ؛ إعداد وجمع وتحقيق وتدقيق كلوب، إبراهيم جميل,
_eauthor
_911982
245 0 0 _aالأعمال الأدبية الكاملة: رشدانيات، الجزء الاول
264 3 1 _aعمان:وزارة الثقافة،2009
300 _aج1، 471ص
336 _atext
_btxt
_2rdacontent
337 _aunmediated
_bn
_2rdamedia
338 _avolume
_bnc
_2rdacarrier
650 4 _aالشعر العربي
_911983
999 _aA2603
_c6171
_d6171